000 00658cam a2200193Ia 4500
020 _a9789251084717 (print)
020 _a9251084718 (print)
020 _a9789251084724 (pdf)
020 _a9251084726 (pdf)
040 _cDJB
082 _a630 FOO 2004 A051 Or.
245 0 0 _aBuilding a common vision for sustainable food and agriculture :
_bprinciples and approaches.
260 _aRome :
_bFood and Agriculture Organization of the United Nations,
_c2014.
300 _a50 p. :
_bcol. ill. ;
_c30 cm.
650 0 _aSustainable agriculture.
650 0 _aFood supply.
710 2 _aFood and Agriculture Organization of the United Nations.
942 _cEK
999 _c14531
_d14531